000 00585nam a2200193Ia 4500
005 20250508164945.0
008 008 250505s9999 xx 000 0 eng d
037 _aDissertations
040 _aFEDL
_beng
_cFEDL
041 _aeng
_2eng
084 _a375.9, IND/DI
_qFEDL
100 _aIndu S
_9551007
245 0 _aExamining voices of subalternity in history textbooks at secondary and senior secondary levels
260 _c2010
300 _a95p.
546 _aM.Ed. Dissertation (Delhi University)
942 _cDIS
_h375.9, IND/DI
999 _c1392265
_d1392265